000 00434cam a22001097a 4500
008 180718b xxu||||| |||| 00| 0 eng d
082 _aX604x42
245 _aReport on the administrationm of the road fund
_cby Ministry of Transport and Civil Aviation, United Kingdom
260 _aLondon
_bHer Majesty's Stationery Office
_c
500 _aContents : Library has 1956, 1957
700 _aUnited Kingdom. Ministry of Transport and Civil Aviation
999 _c425289
_d425289